| 000 | 00443nam a2200181Ia 4500 | ||
|---|---|---|---|
| 001 | 23158 | ||
| 005 | 20260414150919.0 | ||
| 008 | 260414t1996||||xx |||||||||||||| ||spa|| | ||
| 041 | _aESP | ||
| 082 |
_a624.252 _bP86 |
||
| 100 |
_aPriestley, M. J. N. _eAUT |
||
| 245 | 0 |
_aSeismic design and retrofit of bridges _b |
|
| 260 | _c1996 | ||
| 300 |
_axvii, 686 páginas : _c24 cm. |
||
| 650 | _a0 | ||
| 654 | _aCIC | ||
| 942 |
_cLIB _dJUS _fJUS _2ddc _n |
||
| 999 |
_c23158 _d23158 |
||